| 000 | 01469 a2200205 4500 | ||
|---|---|---|---|
| 020 | _a007282669X | ||
| 020 | _a9780072826692 | ||
| 082 | 0 | 4 | _a649.1 |
| 090 |
_c1822 _d1822 |
||
| 100 | 1 | _aBrooks, Jane B. | |
| 245 | 1 | 4 |
_aThe process of parenting / _cJane B. Brooks. |
| 250 | _a6th ed. | ||
| 260 |
_a[S.l.] : _bMcGraw-Hill Humanities/Social Sciences/Languages, _c2003. |
||
| 300 |
_a478 p. ; _c24 cm. |
||
| 500 | _aPaperback. | ||
| 520 | _a"The Process of Parenting" is a comprehensive introduction to parenting that describes the many ways parents and caregivers can translate their love and concern for children into effective parenting behavior. With a strong emphasis on the developmental process and on the changing nature of parent-children relationships over time, the book presents a wide range of theories and research with a focus on real-life applications. Because parents and children are distinct individuals, a problem-solving approach is emphasized that can help parents arrive at solutions that fit them, their children, and their life circumstances. Two basic tasks of parenting are emphasized as ultimate ends: creating close emotional relationships with children and supporting the development of children's full potential. | ||
| 856 | 4 | 0 |
_3Amazon.com _uhttp://www.amazon.com/exec/obidos/ASIN/007282669X/chopaconline-20 |
| 856 | 4 | 0 |
_3Amazon customer reviews _uhttp://www.chopac.org/cgi-bin/tools/azrev.pl?q=007282669X |
| 942 |
_aNBS _cBK _k649.1 BRO |
||
| 999 |
_c344333 _d344333 |
||